| 000 | 00892nam a2200265 a 4500 | ||
|---|---|---|---|
| 001 | 75729 | ||
| 003 | BD-RjUL | ||
| 005 | 20211209082731.0 | ||
| 008 | 190529s19691967enk 000 0 swe | ||
| 035 | _a(BD-RjUL)75948 | ||
| 040 |
_aDLC _cCarP _dDLC _beng _eBD-RjUL |
||
| 041 | _aeng | ||
| 082 |
_223 _a658.152 _bALA 1969 |
||
| 100 | 1 |
_aAlfred, A. M. _q(Arnold Montague) _9231974 |
|
| 245 | 1 | 0 |
_aAppraisal of investment projects by discounted cash flow : _bprinciples and some short cut techniques / _cby A.M. Alfred and J.B. Evans. |
| 250 | _a2nd ed. | ||
| 260 |
_aLondon : _bChapman & Hall, _cc1967, [reprinted 1969] |
||
| 300 |
_a71p. : _bill.; _c25 cm. |
||
| 650 | 0 |
_aCorporations _xAccounting. _9231975 |
|
| 650 | 0 |
_aCash flow. _9231976 |
|
| 700 | 1 |
_aEvans, J. B. _q(John Bryan) _9231978 |
|
| 942 |
_2ddc _cBK |
||
| 999 |
_c75729 _d75729 |
||